000
00292nam a2200097Ia 4500
008
240321s9999 xx 000 0 und d
082
_a
720.1
_b
KRO
100
_a
Kronenburg, Robert
245
0
_a
Spirit of the machine: technology as an inspiration in architecture design
260
_b
Willey Academy
999
_c
64480
_d
64480